Vereine mit den meisten Punkten - Statistiken

Allgemein
  • Dieses Quiz wurde 94 mal gespielt
  • Das Durchschnittsergebnis liegt bei 15 aus 19
Antwortstatistiken
Punkt Mannschaft % Korrekt
3k+ Borussia Dortmund
99%
4k+ FC Bayern München
99%
2k+ Bayer Leverkusen
97%
2k+ Hamburger SV
97%
2k+ 1. FC Köln
91%
2k+ VFB Stuttgart
91%
2k+ Werder Bremen
91%
2k+ FC Schalke 04
90%
1k+ 1. FC Nürnberg
83%
1k+ Hannover 96
78%
1k+ Hertha BSC
78%
2k+ Borussia Mönchengladbach
77%
2k+ Eintracht Frankfurt
77%
2k+ 1. FC Kaiserslautern
76%
1k+ SC Freiburg
72%
1k+ Wolfsburg
72%
1k+ VFL Bochum
62%
1k+ Fortuna Düsseldorf
59%
1k+ MSV Duisburg
52%
Keine übereinstimmenden Quizze gefunden
Verteilung der Resultate
Anzahl Personen mit jedem Resultat
Perzentil nach korrekt beantworteten Fragen
Ihre Resultats-Entwicklung
Sie haben dieses Quiz noch nicht gespielt